Informačné technológie ako služba diplomová práca

Guardado en:
Detalles Bibliográficos
Autor principal: Užík, Martin
Autor Corporativo: Fakulta hospodárskej informatiky EU. Katedra aplikovanej informatiky
Otros Autores: Ondrejková, Anna
Formato: Libro
Lenguaje:eslovaco
Publicado: Bratislava 2011
Etiquetas: Agregar Etiqueta
Sin Etiquetas, Sea el primero en etiquetar este registro!

MARC

LEADER 00000nbm a2200000 4500
001 0140913
005 20220315131914.2
041 0 |a slo 
044 |a SK 
245 1 0 |a Informačné technológie ako služba  |b diplomová práca  |c Martin Užík ; školiteľ: Anna Ondrejková 
264 1 |a Bratislava  |c 2011 
300 |a 73 s. 
100 1 |a Užík, Martin 
700 1 |a Ondrejková, Anna 
710 2 |a Fakulta hospodárskej informatiky EU. Katedra aplikovanej informatiky